000 00375nam a2200169Ia 4500
005 20250423101211.0
008 250422s9999 xx 000 0 und d
020 _a978-978-49020-7-6
100 _aAbdulmalik, B. Aliyu
245 4 _aThe Chief servant
260 _aMinna
260 _bGurara
260 _c2009
300 _a139 p
650 _aGoverment
942 _cBK
999 _c35594
_d35594